Central Library OPAC University of Rajshahi
Normal view MARC view

Entry Topical Term

Number of records used in: 2

001 - CONTROL NUMBER

  • control field: 10557

003 - CONTROL NUMBER IDENTIFIER

  • control field: BD-RjUL

005 - DATE AND TIME OF LATEST TRANSACTION

  • control field: 20231217134528.0

008 - FIXED-LENGTH DATA ELEMENTS

  • fixed length control field: 231217|| aca||aabn | a|a d

040 ## - CATALOGING SOURCE

  • Original cataloging agency: BD-RjUL
  • Transcribing agency: BD-RjUL

150 ## - HEADING--TOPICAL TERM

  • Topical term or geographic name entry element: Refugees
  • General subdivision: Political aspects
  • Geographic subdivision: South Asia

670 ## - SOURCE DATA FOUND

  • Source citation: Work cat.: (BD-RjUL)82478: Murshid, Navine. 10556, The politics of refugees in South Asia :